Normal view
MARC view
- Espinosa Sánchez, Diana María
Entry Nombre Personal
001 - NUMERO DE CONTROL
- campo de control: 59596
003 - IDENTIFICADOR DE NUMERO DE CONTROL
- campo de control: UPN
005 - FECHA Y HORA DE LA ÜLTIMA TRANSACCIÓN
- campo de control: 20260519144443.0
008 - DATOS DE LONGITUD FIJA
- campo de control de longitud fija: 260519|| acz||aabn | a|a d
024 ## - OTROS IDENTIFICADORES NORMALIZADOS
- Fuente: orcid
- Número normalizado o código: https://orcid.org/0000-0002-8551-4881
040 ## - FUENTE DE CATALOGACIÓN
- Agencia original de catalogación: MX-MxUPN
100 1# - ENCABEZAMIENTO - NOMBRE PERSONAL
- Nombre personal: Espinosa Sánchez, Diana María
370 ## - LUGAR ASOCIADO
- Place of birth: Durango, México
371 ## - DIRECCIÓN
- Electronic mail address: diana.espinosa@camdurango.com
372 ## - CAMPO DE ACTIVIDAD
- Field of activity: Ciencias de la educación
- Field of activity: Docencia
373 ## - GRUPO ASOCIADO
- Associated group: Centro de Actualización del Magisterio
374 ## - OCUPACIÓN
- Occupation: Doctora en educación
- Occupation: Profesora universitaria
670 ## - FUENTE EN LA QUE SE LOCALIZARON DATOS
- Cita de la fuente: En recurso en línea: Investigación educativa duranguense, Vol. 16 no. 25, (2025):
- Información localizada: página 33 (Diana María Espinosa Sánchez)
- Uniform Resource Identifier: https://editorialupd.mx/revistas/index.php/ined/article/view/239/293
902 ## - CATALOGADOR
- Catalogador: RGJD/190526
